Responses for Show #9135 - Friday, June 28, 2024

Drew Basile game 8.

Contestants

[<< previous game]

Cat Pisacano, a nurse from New York, New York

Andrew Fox, a clinical psychologist from Robbinsdale, Minnesota

Drew Basile, a graduate student from Birmingham, Michigan (whose 7-day cash winnings total $129,601)

[next game >>]

Jeopardy! Round responses

LITERARY GEOGRAPHY
ALLITERATION
TV CATCHPHRASES
COLLEGE NEWSPAPERS
"B" WEAR
THE DOGS
    $200 25
the Thames

Cat
    $200 17
blood brothers

Cat
    $200 9
(Andrew: [*]. What is [*]?)

they killed Kenny

Andrew
    $200 30
Crimson

Cat
    $200 23
a blazer

Andrew
    $200 18
a bulldog

Andrew
    $400 7
(Drew: What is Los Angeles?)
...
(Ken: It's The Maltese Falcon set in [*].)

San Francisco

Drew
Triple Stumper
    $400 16
day drinking

Cat
    $400 10
(Ken: I hope that exorcises some bad memories for you.)
[Laughter]

the tribe has spoken

Drew
    $400 29
(Drew: What is Cornell?)

Syracuse University

DrewCat
    $400 15
(Ken: Yes, "Blue jean baby".)

blue jeans

Andrew
    $400 19
(Andrew: What is a Rottweiler?)

a Doberman (Pinscher)

Andrew
Triple Stumper
    $600 1
(Andrew: What is the Cape of Good Horn?)
(Drew: What is Cape of Horn?)
(Cat: What is Cape Cod?)

the Cape of Good Hope

DrewAndrewCat
Triple Stumper
    $1,000 4
(Drew: Um...)
(Ken: Drew?)
(Drew: Uh, no answer.)

the title track

Drew
    $600 11
Hello, Newman

Cat
    $600 22
the Hoya

Cat
    $600 8
(Andrew: What are briefs?)

boxers or briefs

AndrewCat
    $600 20
Rin Tin Tin

Drew
    $800 2
Zen and the Art of Motorcycle Maintenance

Drew
    $800 5
fish food

Triple Stumper
    $800 12
Steve Urkel

Cat
    $800 28
(Drew: What is Michigan State?)

USC

DrewAndrew
    $800 14
Bermuda shorts

Triple Stumper
    $800 21
a Belgian Malinois

Triple Stumper
    $1000 3
Actium

Triple Stumper
    $1000 6
(Drew: What is Secret Security?)

the Park Police

Drew
Triple Stumper
    $1000 13
danger, Will Robinson

Drew
    $1000 27
Boston College

Triple Stumper
    $1000 26
(Drew: What is a... a Batman?)

a bat wing sleeve

Drew
Triple Stumper
    $1000 24
a Basenji

Drew

Scores at the first commercial break (after clue 15):

Drew Andrew Cat
-$800 -$600 $1,400

Scores at the end of the Jeopardy! Round:

Drew Andrew Cat
-$1,400 $200 $3,400

Double Jeopardy! Round responses

ANCIENT NAMES
STUFF ABOUT STATES
GREEK MYTH: WOMEN & GODDESSES
INTERNET CELEBRITIES
AFI's GREATEST VILLAINS
TEEN-LETTER WORDS
    $400 24
Plato

Drew
    $400 3
California

Cat
    $400 29
Athena

Drew
    $400 30
(Ken: Cat, are you grumpy you didn't get that one?)
[Laughter]

Grumpy Cat

Andrew
    $400 5
Hannibal Lecter

Drew
    $400 28
telecommunications

Andrew
    $800 23
Nefertiti

Cat
    $800 4
Madison County

Triple Stumper
    $800 11
Aphrodite

Drew
    $800 25
[Drew did not include the leading article for the group's name.]

The Lonely Island

Drew
    $800 26
(Cat: Who is Cruella de Vil?)
...
(Ken: The colorful footwear were ruby slippers; this is [*].)

the Wicked Witch of the West

Cat
Triple Stumper
    $800 27
infrastructure

Drew
    $3,000 17
(Drew: Hmm...)
(Ken: Drew?)
(Drew: Uh, who is Aesop?)

Confucius

Drew
    $2,000 20
(Drew: That is a good question--um... um... what is Florida?)

Louisiana

Drew
    $1200 1
golden apples

Drew
    $1200 10
Brian

Andrew
    $1200 6
(Andrew: Who is...)
...
(Ken: Right, from Psycho.)

Norman Bates

DrewAndrew
    $1200 14
a volcanologist

Drew
    $1600 18
Xerxes

Drew
    $1600 21
petrified wood

Andrew
    $1600 2
Artemis

Cat
    $1600 12
Kai Cenat

Drew
    $1600 7
(Cat: Who is Bonnie?)
...
(Ken: In Mommie Dearest she played [*].)

Joan Crawford

Cat
Triple Stumper
    $1600 15
nondenominational

Drew
    $2000 19
Tacitus

Drew
    $2000 22
(Cat: Who is [*]?)
(Ken: Can you say that again?)
(Cat: Who is Queen [*]?)
(Ken: Yeah, we'll take that; that's right.)

Liliuokalani

Cat
    $2000 8
Phaedra

Triple Stumper
    $2000 13
(Andrew: Who is...)

Harambe

DrewAndrew
    $2000 9
Travis Bickle

Triple Stumper
    $2000 16
acquisitiveness

Triple Stumper

Scores at the end of the Double Jeopardy! Round:

Drew Andrew Cat
$9,600 $600 $5,800

[wagering suggestions for these scores]

Final Jeopardy! Round responses

NOTABLE AMERICAN WOMEN
AndrewWho is Helen Keller?
$600
CatWho is Hellen Keller?
$5,700
DrewWho is A Gallaudet :(
$8,399
Helen Keller

Final scores:

Drew Andrew Cat
$1,201 $1,200 $11,500
2nd place: $3,000 3rd place: $2,000 New champion: $11,500

Game dynamics:

Coryat scores:

Drew Andrew Cat
$15,600 $600 $5,800
19 R,
9 W
(including 3 DDs)
9 R,
5 W
13 R,
3 W

Combined Coryat: $22,000

[game clues] [game scores] [suggest correction]

Game tape date: 2024-05-14
The J! Archive is created by fans, for fans. Scraping, republication, monetization, and malicious use prohibited; this site may use cookies and collect identifying information. See terms. The Jeopardy! game show and all elements thereof, including but not limited to copyright and trademark thereto, are the property of Jeopardy Productions, Inc. and are protected under law. This website is not affiliated with, sponsored by, or operated by Jeopardy Productions, Inc. Join the discussion at JBoard.tv.